Pensar en salud / (Registro nro. 460)
[ vista simple ]
| 000 -LEADER | |
|---|---|
| fixed length control field | 00905 am a2200277 a 4500 |
| 005 - FECHA ULTIMA MODIFICACION | |
| control field | 20240222135055.0 |
| 008 - CAMPO DE CONTROL (LIBRO) | |
| fixed length control field | 100701s1997||||ag # f |||| 001 0 spa d |
| 020 ## - INTERNATIONAL STANDARD BOOK NUMBER | |
| ISBN | 9509129771 |
| 041 ## - CODIGO DE IDIOMA | |
| Código de idioma del texto/pista de sonido o título separado | spa |
| 092 ## - SIGNATURA TOPOGRAFICA DEWEY LOCAL | |
| número de clasificación | 614.072 |
| libristica | 82 |
| sección | TES |
| 100 1# - ENTRADA PRINCIPAL--NOMBRE PERSONAL | |
| Nombre personal | Testa, Mario. |
| 9 (RLIN) | 24 |
| 245 ## - TITULO PROPIAMENTE DICHO | |
| Título | Pensar en salud / |
| Mención de responsabilidad y remanente de la transcripción de la portada | Mario Testa. |
| 250 ## - MENCION DE EDICION | |
| Mención de edición | 2a ed. |
| 260 ## - PIE DE IMPRENTA | |
| Lugar de publicación, distribución, etc | Buenos Aires: |
| Nombre de la editorial, distribuidor, etc | Lugar Editorial; |
| Fecha de publicación | 1997. |
| 300 ## - DESCRIPCION FISICA | |
| Extension | 233 p. |
| 500 ## - NOTA GENERAL | |
| Nota general | Testa, M. (1997). Pensar en salud. (2a ed.). Buenos Aires : Lugar Editorial. |
| 590 ## - NOTAS LOCALES (RLIN) | |
| Nota local | Donación Editorial Lugar, Nov. 2005 |
| 653 ## - TÉRMINO INDIZADO - PALABRAS CLAVES | |
| Palabra clave | Enseñar medicina |
| 653 ## - TÉRMINO INDIZADO - PALABRAS CLAVES | |
| Palabra clave | Tendencias en planificación |
| 653 ## - TÉRMINO INDIZADO - PALABRAS CLAVES | |
| Palabra clave | Problemas sociales y cuestión nacional (el dilema de la asignación) |
| 653 ## - TÉRMINO INDIZADO - PALABRAS CLAVES | |
| Palabra clave | Atención ¿primaria o primitiva? de salud |
| 653 ## - TÉRMINO INDIZADO - PALABRAS CLAVES | |
| Palabra clave | Tecnología y salud |
| 653 ## - TÉRMINO INDIZADO - PALABRAS CLAVES | |
| Palabra clave | Ciencias sociales y salud en Argentina |
| 930 ## - NUMERO DE INVENTARIO | |
| Número de inventario | 1357 |
| 942 ## - ADDED ENTRY ELEMENTS (KOHA) | |
| Source of classification or shelving scheme | Dewey Decimal Classification |
| Item type | Libros |
| Estado de retiro | Existencia | Estado general | No para prestamo | Ubicación permanente | ubicación actual | Sala de ubicación | Fecha de adquisición | Total Checkouts | Total Renewals | Número de clasificación | Código de barras | Date last seen | Date last borrowed | Número de ejemplar | Price effective from | Koha tipo de elemento (item) |
|---|---|---|---|---|---|---|---|---|---|---|---|---|---|---|---|---|
| Biblioteca Medicina | Biblioteca Medicina | Circulación | 13/05/2011 | 6 | 4 | 614.072 82 TES | 1357 | 13/06/2024 | 06/06/2024 | ej.1 | 13/05/2011 | Libros |